| 000 | 00720cab a2200241 4500 | ||
|---|---|---|---|
| 001 | ABS57938 | ||
| 008 | 090401t1997 xxu||||| |||| 00| 0 eng d | ||
| 035 | _a(Sirsi) u82297 | ||
| 041 | _aeng | ||
| 100 | _aJones, N. | ||
| 245 | _aRight of way or right to trespass? | ||
| 260 | _c1997 | ||
| 350 | _a0 | ||
| 490 |
_aCountry Gentlemen`s Association _vNovember 1997, 10(1) |
||
| 520 | _aDefines what constitutes a right of way and explains the procedure that would occur if the landowner caused obstruction. | ||
| 650 | _aHIGHWAYS ACT 1980 | ||
| 650 | _aLANDOWNERS | ||
| 650 | _aOBSTRUCTION | ||
| 650 | _aRIGHTS OF WAY | ||
| 690 | _aHIGHWAYS RIGHTS OF WAY AND EASEMENTS | ||
| 942 | _n0 | ||
| 948 | _c24/11/1997 | ||
| 999 |
_c51933 _d51933 |
||